The chemistry and technology of enzymes

Uloženo v:
Podrobná bibliografie
Hlavní autor: Tauber, Henry (Autor)
Médium: Kniha
Jazyk:angličtina
Vydáno: Nueva York John Wiley 1949
Témata:
Tagy: Přidat tag
Žádné tagy, Buďte první, kdo vytvoří štítek k tomuto záznamu!

MARC

LEADER 00000nam a2200000 a 4500
001 UCT1337
003 CL-VaPUC
008 960927e19490000US |||||||||||||||||eng|d
082 0 4 |a 572.7  |b TAU  |2 21 
100 0 |a Tauber, Henry  |e author  |9 370157 
245 1 4 |a The chemistry and technology of enzymes 
300 |a 550 p 
942 |c BK 
945 |d 19960927 00:00:00  |a cmena 
260 |a Nueva York  |b John Wiley  |c 1949 
650 0 |a Enzimas  |9 262984 
650 7 |a COMPLEJOS MULTIENZIMATICOS  |2 CL-VaPUC  |9 361151 
650 0 |a Biotecnología   |9 259561 
650 7 |a ENZIMOLOGIA  |2 CL-VaPUC  |9 263051 
650 7 |a HIDROLASAS  |2 CL-VaPUC  |9 361990 
650 7 |a PRODUCTOS QUIMICOS ORGANICOS  |2 CL-VaPUC  |9 344420 
583 |a last modification  |c 19960927 00:00:00  |k Rodrigo Vera 
999 |c 251886  |d 251884 
952 |0 0  |1 0  |2 ddc  |4 0  |6 572_700000000000000_TAU_1949  |7 0  |8 A  |9 271381  |a BIBCUR  |b BIBCUR  |c PAC  |d 2019-11-19  |i 175128K  |o 572.7 TAU 1949  |p 175128K  |r 2025-04-22  |w 2019-11-19  |y BK  |k BCB